01814nam a2200397 a 4500001001200000003000800012006001900020007001500039008004100054010001700095020002500112020002200137020002700159040002100186035002100207043001200228050002700240082002000267100001800287245010400305260013700409300002400546504005100570533015200621650007300773650007800846650006100924650005500985650006501040650006501105650005701170655002901227710001701256856012601273999001701399ebr10623385CaPaEBRm u cr cn|||||||||100512s2009 enka sb 001 0 eng d z 2010561600 z9780719079245 (hbk.) z0719079241 (hbk.) z9781847793003 (e-book) aCaPaEBRcCaPaEBR a(OCoLC)818734252 ae-uk---14aML3918.R63bG66 2009eb04a322.4/409412221 aGoodyer, Ian.10aCrisis musich[electronic resource] :bthe cultural politics of rock against racism /cIan Goodyer. aManchester ;aNew York :bManchester University Press ;aNew York :bDistributed in the United States by Palgrave Macmillan,cc2009. axvi, 166 p. :bill. aIncludes bibliographical references and index. aElectronic reproduction.bPalo Alto, Calif. :cebrary,d2011.nAvailable via World Wide Web.nAccess may be limited to ebrary affiliated libraries. 0aRock musicxPolitical aspectszGreat BritainxHistoryy20th century. 0aRock musiciansxPolitical activityzGreat BritainxHistoryy20th century. 0aProtest movementszGreat BritainxHistoryy20th century. 0aAnti-racismzGreat BritainxHistoryy20th century. 0aRock musiczGreat Britainy1961-1970xHistory and criticism. 0aRock musiczGreat Britainy1971-1980xHistory and criticism. 0aProtest songszGreat BritainxHistory and criticism. 7aElectronic books.2local2 aebrary, Inc.40uhttp://site.ebrary.com/lib/rucke/Doc?id=10623385zAn electronic book accessible through the World Wide Web; click to view c55899d55899